000 01206cam a2200349 a 4500
001 30450
003 BD-RjUL
005 20211209051551.0
008 140410s1949 enk b 001 0 grc d
035 _aCURL 05UH40011818(Lon) from rajwc89
035 _a(OCoLC)863445556
_a(BD-RjUL)30536
040 _aUkOxU
_beng
_cUkOxU
_dBD-RjUL
041 0 _aeng
_agrc
082 0 4 _a160
_bARA 1949
100 0 _aAristotle.
_992522
245 1 0 _a[Aristotelous Analytika] =
_bAristotle's Prior and Posterior analytics /
_ca revised text with introduction and commentary by W.D. Ross.
246 3 1 _aAristotle's Prior and Posterior analytics
246 1 0 _aPrior and posterior analytics.
260 _aOxford :
_bClarendon Press,
_c1949.
300 _ax, 690 p., 1 folded leaf ;
_c23 cm.
504 _aBibliography: p. [ix]-x.
504 _aIncludes indexes.
600 0 0 _aAristotle.
_9141982
600 0 0 _aAristotle.
_9141982
600 0 0 _aAristotle.
_9141982
650 0 _aLogic, Ancient.
_992526
650 0 _aPhilosophy
_zGreece.
_992527
700 0 2 _aAristotle.
_tPosterior analytics.
_992528
700 1 _aRoss, W. D.
_q(William David),
_d1877-1971.
_987306
942 _2ddc
_cBK
999 _c30450
_d30450